Wolin Vineta

Titel: Wolin Vineta : die tatsächliche Legende vom Untergang und Aufstieg der Stadt / Władysław Filipowiak ... Mit Fotos von Wolfhard Eschenburg ...
Beteiligt: ;
Ausgabe: 1. Aufl.
Veröffentlicht: Rostock : Hinstorff, 1992
Umfang: 137 S. : zahlr. Ill., graph. Darst., Kt., Noten
Format: Buch
Sprache: Deutsch
Schlagworte:
ISBN: 3356004476
Buchumschlag
X
Lokale Klassifikation: 9 8 W 1
alg: 2178410
001A    $06000:30-09-92 
001B    $01999:18-11-16 $t22:46:28.000 
001C    $06002:23-02-11 $t01:23:58.000 
001D    $09999:99-99-99 
001U    $0utf8 
001X    $00 
002@    $0Aauc 
003@    $0021784108 
003O    $033601412 $aOCoLC 
004A    $03-356-00447-6 
006G    $0921183747 
006U    $092,A40,1340 
007A    $0921183747 $aDNB 
007T    $0Herdhh021784108 
010@    $ager 
011@    $a1992 $n1992 
015@    $0Z 
021A    $a@Wolin Vineta $ddie tatsächliche Legende vom Untergang und Aufstieg der Stadt $hWładysław Filipowiak ... Mit Fotos von Wolfhard Eschenburg ... 
028C    $#Filipowiak, Władisław $7142678775 $8Filipowiak, Władysław$Z1926-2014 [Tp1] $922834820X 
028C/01 $#Eschenburg, W. $#Eschenburg, Wolfhardt $712453015X $8Eschenburg, Wolfhard$Z1928- [Tp3] $9155193457 
032@    $a1. Aufl. 
033A    $pRostock $nHinstorff 
034D    $a137 S. 
034M    $azahlr. Ill., graph. Darst., Kt., Noten 
037A    $aLiteraturverz. S. 135 - 137 
041A    $#Wineta $74108281-3 $8Vineta [Tg1] $9085320749 
041A/01 $RAusgrabung $RBodendenkmal $#Bodenfund $#Bodenfunde $#Archäologische Funde $74071507-3 $8Funde [Tsz] $9085201480 
045E    $a60 
045R    $aGeschichte 

lok: 2178410 11
101B    $003-08-95 $t05:02:19.395 
107F    $0058517731 
101U    $0utf8 

exp: 2178410 11 1 #EPN
201B/01 $019-02-13 $t16:37:26.000 
201U/01 $0utf8 
203@/01 $005851774X 
208@/01 $a30-08-94 $bh 
209A/01 $a60 92 B 602 $du $f100 $h92 B 602 $x00 
209C/01 $a21-92-329 $h21 92 329 
209G/01 $a80168390 $x00 
247C/01 $8620100-3 <43>Wiesbaden, Hochschul- und Landesbibliothek RheinMain, Rheinstraße $9102599572 

lok: 2178410 24
101B    $028-01-05 $t09:21:42.000 
145Z/01 $a9 8 W 1 
101U    $0utf8 

exp: 2178410 24 1 #EPN
201B/01 $016-02-05 $t12:19:13.000 
203@/01 $0086355449 
208@/01 $a25-03-93 $bh 
209A/01 $a9 VIII W 10/2 $du $f050 $h9 8 W 10 2 $x00 
209C/01 $aK 92.3083 $h92 3083 K 
209G/01 $a70850230 $x00 
247C/01 $8358050-7 Marburg, Bibliothek des Herder-Instituts Marburg $9102600961 
201U/01 $0utf8 

lok: 2178410 78

exp: 2178410 78 1 #EPN
201B/01 $019-04-17 $t17:33:24.000 
201U/01 $0utf8 
203@/01 $0793418356 
208@/01 $a12-11-16 $be 
209A/01 $a/ $f000 $x00 
237A/01 $aweiterführende Signatur(en): Herder-Institut: 9 VIII W 10/2 
244Z/01 $2Trx $#Pomeranija $#Pommern $#Pomoransko $#Pomořansko $#Hinterpommern;Vorpommern;Mittelpommern $#Pomorze Środkowe;Pomorze Przednie $#Pomořansko;Západní Pomořany; Pomořany $8--Trx--Pomorze Zachodnie $x01 $9391303775 
244Z/01 $aFunde $x02 
244Z/01 $2Trx $#dzieło zbiorowe $8--Trx--Sammelwerk $x03 $9391384597 
247C/01 $82080>Marburg/Lahn, Herder-Institut, Forschungsbibliothek, Bibliographieportal $9336309341 

lok: 2178410 205

exp: 2178410 205 1 #EPN
201B/01 $008-03-06 $t20:33:57.000 
201C/01 $023-10-98 
203@/01 $0125174047 
208@/01 $a23-10-98 $bz 
209A/01 $agrau Yf 2231 $ds $f411 $x00 
209B/01 $a80 $x05 
209C/01 $a596/98 $h596 98 
247C/01 $8351411-0 <4/411>Marburg, Universität Marburg, Bibliothek Vor- und Frühgeschichte $9102595461 
201U/01 $0utf8
LEADER 00000cam a2200000 c 4500
001 021784108
003 DE-603
005 20161118224628.0
007 tu
008 920930s1992 xx |||| | u00||u|ger
015 |a 92,A40,1340  |2 dnb 
016 7 |2 DE-101  |a 921183747 
020 |a 3356004476 
035 |a (DE-599)DNB921183747 
035 |a (OCoLC)33601412 
040 |a DE-603  |b ger  |c DE-603  |d DE-603 
041 |a ger 
084 |a 60  |q DE-101  |2 sdnb 
245 0 0 |a Wolin Vineta  |b die tatsächliche Legende vom Untergang und Aufstieg der Stadt  |c Władysław Filipowiak ... Mit Fotos von Wolfhard Eschenburg ... 
250 |a 1. Aufl. 
264 1 |a Rostock  |b Hinstorff  |c 1992 
300 |a 137 S.  |b zahlr. Ill., graph. Darst., Kt., Noten 
500 |a Literaturverz. S. 135 - 137 
648 7 |a Geschichte  |2 gnd 
650 7 |a Funde  |0 (DE-588)4071507-3  |0 (DE-603)085201480  |2 gnd 
651 7 |a Vineta  |0 (DE-588)4108281-3  |0 (DE-603)085320749  |2 gnd 
700 1 |a Filipowiak, Władysław  |d 1926-2014  |0 (DE-603)22834820X  |0 (DE-588)142678775  |2 gnd 
700 1 |a Eschenburg, Wolfhard  |d 1928-  |0 (DE-603)155193457  |0 (DE-588)12453015X  |2 gnd 
924 0 |9 43  |a (DE-603)05851774X  |b DE-43  |c HES  |d c  |g 60 92 B 602 
924 0 |9 Mb 50  |a (DE-603)086355449  |b DE-Mb50  |c HES  |d c  |g 9 VIII W 10/2 
924 0 |9 2080  |a (DE-603)793418356  |b DE-2080  |c HES  |d d  |g / 
924 0 |9 4/411  |a (DE-603)125174047  |b DE-4-411  |c HES  |d d  |g grau Yf 2231